[Event "Challenge"]
[Site "http://www.queenalice.com/game.php?id=1810918"]
[Date "2023.4.30"]
[Round "-"]
[White "Camy"]
[Black "dejami"]
[Result "0-1"]
[WhiteElo "1393"]
[BlackElo "1695"]

1. d4 e6 2. a3 Qf6 3. Be3 d5 4. Nf3 h6 5. Bd2 Nc6 6. Nc3 a6 7. Ne5 Nxd4 8. Ng4
Qe7 9. e3 Nc6 10. h3 f5 11. Nh2 Ne5 12. f4 Nd7 13. Bd3 c5 14. O-O c4 15. Be2 Nb6
16. Bh5+ Kd8 17. Nf3 Nd7 18. Nh4 Qxh4 19. Bf7 Nc5 20. Bxg8 Rxg8 21. Be1 Qf6 22.
b4 Ne4 23. Nxd5 exd5 24. g3 Be6 25. c3 Nxc3 26. Qc2 Ne4 27. a4 h5 28. h4 Qg6 29.
Kg2 Qg4 30. Rh1 g5 31. hxg5 Nxg5 32. fxg5 Qxg5 33. Bf2 Bd6 34. Qb2 Bxg3 35. Bxg3
Qxg3+ 36. Kf1 Qf3+ 37. Qf2 Qxh1+ 38. Ke2 Qxa1 39. e4 Rg4 40. Qb6+ Ke7 41. Qxb7+
Kf6 42. Qxa8 Rxe4+ 43. Kf3 Qc3+ 44. Kg2 Re2+ 45. Kf1 Qe1# 0-1

[Event "Challenge"]
[Site "http://www.queenalice.com/game.php?id=1810919"]
[Date "2023.4.30"]
[Round "-"]
[White "dejami"]
[Black "Camy"]
[Result "1-0"]
[WhiteElo "1709"]
[BlackElo "1427"]

1. e4 e5 2. Bc4 Nf6 3. Qf3 d6 4. h3 Be6 5. Bxe6 fxe6 6. g4 Nc6 7. c3 Qe7 8. d3
O-O-O 9. b4 a6 10. a4 h6 11. a5 g5 12. Ne2 Kb8 13. Na3 b5 14. axb6 cxb6 15. Nc4
Kb7 16. Be3 Kc7 17. Rxa6 Kd7 18. Nxb6+ Ke8 19. Nc4 Nb8 20. Rb6 Nbd7 21. Nxd6+
Qxd6 22. Rxd6 Bxd6 23. h4 Ke7 24. hxg5 hxg5 25. Bxg5 Ra8 26. Be3 Ra1+ 27. Bc1
Nb6 28. Rxh8 Bc7 29. g5 Nfd7 30. Rh7+ Kd6 31. Kf1 Nf8 32. Qxf8+ Kc6 33. Qc5+ Kb7
34. Qxc7+ Ka6 35. Qa7+ Kb5 36. Qxa1 Nd7 37. Rxd7 Kc6 38. Qa7 1-0

[Event "Let's Play Chess!"]
[Site "http://www.queenalice.com/game.php?id=1825743"]
[Date "2023.11.22"]
[Round "-"]
[White "Camy"]
[Black "newgame"]
[Result "0-1"]
[WhiteElo "1313"]
[BlackElo "1466"]

1. e4 e5 2. Nf3 Nc6 3. a3 Nf6 4. h3 Nxe4 5. d3 Nf6 6. Bg5 Be7 7. Bxf6 gxf6 8.
Be2 d5 9. O-O Be6 10. Nc3 Qd6 11. b4 Nd4 12. Nxd4 exd4 13. Nb5 Qd7 14. Nxd4 f5
15. c3 Bg5 16. Bf3 Bf4 17. g3 Bh6 18. Qe2 O-O-O 19. a4 f4 20. g4 Rhg8 21. Nb5
Kb8 22. h4 Bg7 23. d4 a6 24. Na3 h6 25. b5 a5 26. g5 hxg5 27. h5 g4 28. Bxg4
Bxg4 29. f3 Bxh5 30. Rab1 Bg6 31. Rbc1 Bf6 32. Rf2 Bd3+ 33. Kf1 Bxe2+ 34. Rxe2
Bh4 35. Rh2 Rh8 36. c4 Rde8 37. c5 Re3 38. Nc2 Rc3 39. c6 bxc6 40. Ke2 Qe8+ 41.
Kd2 Rxf3 42. Re2 Qc8 43. bxc6 Qf5 44. Rb1+ Ka8 45. Rb7 Qd3+ 46. Kc1 Qxe2 47. Kb2
Bf6 48. Rxc7 Bxd4+ 49. Kb1 Rh1+ 50. Ka2 Qxc2# 0-1

[Event "Challenge"]
[Site "http://www.queenalice.com/game.php?id=1831154"]
[Date "2024.2.9"]
[Round "-"]
[White "Camy"]
[Black "TammieM3ENF"]
[Result "0-1"]
[WhiteElo "1339"]
[BlackElo "1097"]

1. e3 e5 2. Nf3 d5 3. Nxe5 f6 4. Nf3 g5 5. Nc3 f5 6. h3 g4 7. hxg4 c6 8. d4 c5
9. Bd3 cxd4 10. Nxd4 fxg4 11. O-O h5 12. f4 h4 0-1

[Event "Challenge"]
[Site "http://www.queenalice.com/game.php?id=1841114"]
[Date "2024.7.29"]
[Round "-"]
[White "Camy"]
[Black "Aquarebel"]
[Result "0-1"]
[WhiteElo "1298"]
[BlackElo "1433"]

1. e3 d5 2. d4 g6 3. c3 Bg7 4. Bd3 f5 5. Nf3 g5 6. h3 e6 7. O-O c6 8. Ne5 Bxe5
9. dxe5 b5 10. f3 h5 11. a3 g4 12. fxg4 hxg4 13. Kf2 gxh3 14. Rh1 Qh4+ 0-1

[Event "Challenge"]
[Site "http://www.queenalice.com/game.php?id=1844518"]
[Date "2024.9.30"]
[Round "-"]
[White "LuizFerreira"]
[Black "Camy"]
[Result "0-1"]
[WhiteElo "1399"]
[BlackElo "1273"]

1. Nf3 d5 2. Nc3 Nf6 3. b3 Nc6 4. g3 Be6 5. a4 d4 6. Nb5 a6 7. Na3 Qd7 8. Bb2
Bf5 9. Nh4 g6 10. f3 O-O-O 11. g4 Be6 12. e3 dxe3 13. dxe3 Bd5 14. Bg2 e6 15.
Bxf6 Rg8 16. c3 Re8 17. c4 g5 18. e4 gxh4 19. exd5 exd5+ 20. Kf1 d4 21. Bxh4 d3
22. Bg5 f6 23. Bxf6 Qe6 24. g5 Bg7 25. Qxd3 Bxf6 26. gxf6 Qxf6 27. Rd1 Rd8 28.
Qe2 Nd4 29. Bh3+ Kb8 30. Qe4 Nxb3 31. Rb1 Nd2+ 32. Kf2 Nxe4+ 33. Kf1 Nd2+ 34.
Kf2 Nxb1 35. Rxb1 Rd2+ 36. Ke3 Rxh2 37. Bd7 Qe5+ 38. Kd3 Qd6+ 39. Kc3 Qxd7 40.
Rb4 a5 41. Rb5 Qd2+ 42. Kb3 Qb2# 0-1

[Event "Let's Play Chess!"]
[Site "http://www.queenalice.com/game.php?id=1854834"]
[Date "2025.4.2"]
[Round "-"]
[White "Camy"]
[Black "josebaron"]
[Result "0-1"]
[WhiteElo "1304"]
[BlackElo "2222"]

1. e4 e5 2. Nf3 Nc6 3. d3 Nf6 4. a3 a5 5. Be2 Bc5 6. O-O O-O 7. Be3 Bxe3 8. fxe3
d6 9. h3 h6 10. Nc3 Re8 11. Nd5 Be6 12. d4 Nxe4 13. Bb5 Bxd5 14. c4 Ng3 15. Re1
Bxf3 16. Qxf3 Qg5 17. d5 e4 18. Qf2 Ne5 19. Bxe8 Rxe8 20. b3 Nd3 21. Qd2 f5 22.
Red1 f4 23. exf4 Nxf4 0-1

[Event "Challenge"]
[Site "http://www.queenalice.com/game.php?id=1861211"]
[Date "2025.8.6"]
[Round "-"]
[White "Leanne"]
[Black "Camy"]
[Result "0-1"]
[WhiteElo "1412"]
[BlackElo "1308"]

1. d4 d5 2. c4 c6 3. Nc3 e6 4. cxd5 cxd5 5. Nf3 h6 6. e3 a6 7. g3 Bd6 8. Ne5 Qe7
9. Bg2 Bxe5 10. dxe5 Nc6 11. O-O Nxe5 12. f4 Ng6 13. Qh5 Nf6 14. Qe2 O-O 15. e4
dxe4 16. Nxe4 b6 17. Nxf6+ Qxf6 18. Bxa8 Bd7 19. Be4 Bb5 20. Bd3 Rd8 21. Bxb5
axb5 22. Qh5 Rd5 23. Qf3 b4 24. f5 Rxf5 25. Bg5 hxg5 26. Qe2 Ne5 0-1

[Event "Challenge"]
[Site "http://www.queenalice.com/game.php?id=1861212"]
[Date "2025.8.6"]
[Round "-"]
[White "Camy"]
[Black "Leanne"]
[Result "1-0"]
[WhiteElo "1289"]
[BlackElo "1368"]

1. e4 e6 2. Nc3 d5 3. Bb5+ Bd7 4. Bxd7+ Qxd7 5. exd5 exd5 6. d4 Nf6 7. Nf3 Nc6
8. O-O O-O-O 9. Ne5 Qe6 10. Bg5 Be7 11. Nb5 Ne4 12. Bf4 f6 13. Nxc6 Qxc6 14.
Nxa7+ 1-0

[Event "Let's Play Chess!"]
[Site "http://www.queenalice.com/game.php?id=1865786"]
[Date "2025.11.19"]
[Round "-"]
[White "Camy"]
[Black "Sph4444"]
[Result "0-1"]
[WhiteElo "1346"]
[BlackElo "1930"]

1. d3 e5 2. e4 Nf6 3. Nf3 Nc6 4. a3 a5 5. h3 Bc5 6. Qe2 O-O 7. Nc3 Nd4 8. Nxd4
Bxd4 9. Nd5 Nxd5 10. exd5 d6 11. g4 Qh4 12. c3 Bb6 13. Be3 Bxe3 14. Qxe3 Bxg4
15. Qg3 Qxg3 16. fxg3 Bd7 17. Be2 g6 18. Bf3 Bf5 19. O-O Bxh3 20. Bg2 Bxg2 21.
Kxg2 f5 22. Rae1 g5 23. d4 exd4 24. cxd4 Rf7 25. Re2 Raf8 26. Ref2 f4 27. g4 b5
28. Rh1 f3+ 29. Rxf3 Rxf3 30. Rh5 Rf2+ 31. Kg1 Rxb2 32. Rxg5+ Kh8 0-1

[Event "Let's Play Chess!"]
[Site "http://www.queenalice.com/game.php?id=1865959"]
[Date "2025.11.21"]
[Round "-"]
[White "Camy"]
[Black "Sph4444"]
[Result "0-1"]
[WhiteElo "1344"]
[BlackElo "2014"]

1. e4 e5 2. Nf3 d6 3. Bc4 a6 4. O-O b5 5. Bb3 Nf6 6. Ng5 Be6 7. Qe1 Bxb3 8. cxb3
c5 9. Nc3 h6 10. Nf3 Be7 11. a3 O-O 12. d3 Nc6 13. Nd5 Nxd5 14. exd5 Nd4 15.
Nxd4 cxd4 16. Bd2 Qd7 17. b4 f5 18. Qe2 Qb7 19. f3 Qxd5 20. Rac1 Rfc8 21. Qf2 f4
22. Rfe1 g5 23. g4 Qb3 24. Qe2 Qxb2 25. Rb1 Qxa3 26. Qe4 Qa2 27. Qg6+ Kf8 28.
Qxh6+ Ke8 29. Qg6+ Kd7 30. Qf5+ Kd8 31. Red1 Rc2 32. Ra1 Qd5 33. Kg2 Rac8 34.
Rxa6 Rb2 35. Ra7 Qc6 36. Qe6 Rc7 37. Qg8+ Kd7 38. Ra8 Rc8 39. Rxc8 Qxc8 40.
Qxc8+ Kxc8 41. Kf2 Kd7 42. Ke1 d5 43. h3 Bxb4 44. Bxb4 Rxb4 45. Ra1 Rb2 46. Ra7+
Kd6 47. Rg7 b4 48. Rxg5 b3 49. Rg6+ Kc5 50. Rg5 Rh2 51. Rxe5 b2 52. Re2 b1=Q+
53. Kd2 Qb2+ 54. Ke1 Qxe2# 0-1

[Event "Let's Play Chess!"]
[Site "http://www.queenalice.com/game.php?id=1869027"]
[Date "2026.2.9"]
[Round "-"]
[White "EduardoRo"]
[Black "Camy"]
[Result "1-0"]
[WhiteElo "1451"]
[BlackElo "1342"]

1. e4 e5 2. Nf3 Nc6 3. Bc4 Bc5 4. O-O Nf6 5. Nc3 O-O 6. d3 Ng4 7. Bg5 h6 8. Bxd8
Rxd8 9. a3 d6 10. Nd5 Be6 11. Nh4 Bd4 12. Nxc7 Rac8 13. Nxe6 fxe6 14. Bxe6+ Kf8
15. Bxc8 Rxc8 16. Qxg4 Rc7 17. c3 Bb6 18. Kh1 g5 19. Ng6+ Kg7 20. Qe6 Rf7 21.
Qxd6 Bxf2 22. Nxe5 Rf6 23. Qd7+ Kg8 24. Qd5+ Kg7 25. Ng4 Rf7 26. Nxf2 Ne7 27.
Qxb7 a5 28. Ng4 h5 29. Ne5 Rf6 30. Qxe7+ Rf7 31. Qxf7+ Kh8 32. Ng6# 1-0